Language Quiz

Random Language or Spanish Quiz

Time Expressions (Spanish);. Quiz Stats

 Plays Quiz not verified by Sporcle

Challenge
Share
Tweet
Embed
Score 0/52 Timer 09:00
0 Plays Today
time expression translation % Correct
nevernunca
46.1%
latetarde
46.1%
It is 11:30Son las once y media
32.6%
earlytemprano
31.5%
Son las tres y veinte.3:20
30.3%
What time is it?Que hora es
30.3%
Son las once y diez.11:10
29.2%
Son las nueve y veinte.9:20
28.1%
alwayssiempre
28.1%
at 3:30a las tres y media
27%
Es la una y media.1:30
25.8%
Son las ocho y diez.8:10
25.8%
a lotmucho
25.8%
Son las dos menos diez.1:50
24.7%
Son las cinco y veinticinco.5:25
24.7%
It is 9:00.son las nueve
24.7%
at 11:30a las once y media
24.7%
Son las doce.12:00
23.6%
Son las siete menos cuarto.6:45
23.6%
Son las cuatro y media.4:30
23.6%
Son las doce menos uno.11:59
23.6%
Son las cinco y media5:30
23.6%
at 6:00a las seis
23.6%
It is 4:15.son las cuatro y cuarto
23.6%
Es la una menos diez.12:50
22.5%
Son las doce y diez.12:10
22.5%
time expression translation % Correct
Son las nueve y cuarenta.9:40
22.5%
at 5:00a las cinco
22.5%
Son las cuatro y veinticinco de la tarde.4:25 p.m.
21.3%
Son las siete y media.7:30
21.3%
nowahora
21.3%
at 1:00a la una
21.3%
midnightmedianoche
21.3%
Son las cinco de la maƱana.5:00 a.m.
20.2%
Son las nueve y cuarto.9:15
19.1%
Son las once y cuarenta.11:40
19.1%
Son las diez y cuarto de la noche.10:15 p.m.
18%
Son las once menos cinco.10:55
18%
Son las seis de la manana.6:00 a.m.
18%
every daytodos los dias
18%
midday (noon)mediodia
18%
Son las nueve de la noche.9:00 p.m.
16.9%
at 4:15a las cuatro y cuarto
16.9%
often (many times)muchas veces
15.7%
Son las seis y cuatro.6:04
14.6%
Son casi las tres.almost 3:00
11.2%
Son las once en punto.11:00 exactly
11.2%
once in a whilede vez en cuando
11.2%
Son casi las ocho.almost 8:00
10.1%
Son las dos en punto.2:00 exactly
9%
Es la una pasadas.a little past 1:00
5.6%
Son las seis pasadas.a little past 6:00
5.6%

You're not logged in!

Compare scores with friends on all Sporcle quizzes.
OR
Log In

You Might Also Like...

Show Comments

Extras

Top Quizzes Today


Score Distribution

Your Account Isn't Verified!

In order to create a playlist on Sporcle, you need to verify the email address you used during registration. Go to your Sporcle Settings to finish the process.

Report this User

Report this user for behavior that violates our Community Guidelines.

Details: